| 000 | 00415nam a22001577a 4500 | ||
|---|---|---|---|
| 020 | _a9781449689803 | ||
| 040 | _cNUST | ||
| 082 |
_a510.2462 _bZIL |
||
| 100 |
_aDennis G. Zill _910571 |
||
| 110 |
_aWarren S. Wright _9124467 |
||
| 245 | _aAdvanced Engineering Mathematics | ||
| 250 | _aFifth Edition | ||
| 260 |
_aUSA: _bCathleen Sether, _c2014. |
||
| 650 | _2Advanced Engineering Mathematics | ||
| 942 |
_2ddc _cBK |
||
| 999 |
_c610323 _d610323 |
||